| 000 | 00637nam a2200157 i 4500 | ||
|---|---|---|---|
| 001 | 38995 | ||
| 003 | ES-MaACL | ||
| 005 | 20230906155852.0 | ||
| 007 | t| | ||
| 008 | 030227s1855 sp ||||1| spa d | ||
| 100 | 1 |
_aCalonge y Pérez, Ignacio. _933777 |
|
| 245 | 1 | 3 |
_aEl pabellón español, o diccionario histórico descriptivo de las batallas, sitios y acciones más notables que han dado o que han asistido las armas españolas, desde los Cartaginenses hasta nuestros días / _cpor Ignacio Calonge y Pérez. |
| 260 |
_aMadrid : _b[s.n., _c1855] ( _fAlejandro Gómez Fuentenebro) |
||
| 300 | _a2 t. en 1 v. | ||
| 852 |
_aES-MaACL _jB-11274 |
||
| 999 |
_c38995 _d38995 |
||